| 000 | 00879nas a2200289 4500 | ||
|---|---|---|---|
| 001 | BR2016003894 | ||
| 003 | BR-BrBNA | ||
| 005 | 20231205130609.0 | ||
| 007 | ta | ||
| 008 | 230509b bl.|||p| |||| 00| 00por d | ||
| 040 |
_aBR-BrBNA _bpor _cBiblioteca Nacional de Agricultura |
||
| 041 | _a(Pt) | ||
| 072 | _aF61 | ||
| 100 | 1 | _aSilva, J.T.A. da | |
| 100 | 1 | _aSilva, I.P. da | |
| 100 | 1 | _aSimão, F.R. | |
| 245 | 1 | _aProdução e nutrição de limoeiro Tahiti em função da adubação com nitrogênio e potássio em cinco safras | |
| 650 | _aLIMÃO | ||
| 650 | _aADUBAÇÃO | ||
| 650 | _aNITROGÊNIO | ||
| 650 | _aPOTÁSSIO | ||
| 650 | _aFOLHA | ||
| 650 | _aIRRIGAÇÃO | ||
| 773 | 0 |
_tPesquisa Agropecuária Brasileira (Brazil) _xISSN 0100-204X _g(Apr 2016), v. 51(4) p. 357-363 _wBR2016003894 |
|
| 909 |
_a202311 _bLúcia _c55 _dLúcia Elande |
||
| 942 |
_2AGRIS _n0 _cANA |
||
| 999 |
_c250268 _d250268 |
||